000 01195nam a2200241Ia 4500
003 Ost
005 20260507075321.0
008 260507s9999||||xx |||||||||||||| ||und||
020 _a9789957499754
040 _cfsecg
041 _aara
082 _a350
100 _aطاهر، علاء فرج
_eمؤلف
245 0 _aإدارة التحول و القيادة الفعالة /
_c علاء فرج طاهر
260 _aعمان:
_bدار الراية للنشر والتوزيع,
_c2010
300 _a160 صفحة؛
_bإيضاحات ؛
_c25 سم
504 _aببليوغرافيا: ص.153
520 _aأساسيات في طبيعة و مفهوم الادارة، الادارة و الرأي العام و الاعلام، أبعاد العملية الادارية، التوجيه و الرقابة ادارة التحول و التغيير، إدارة التحول و مفهوم الذات للفرد و المنشأة، إدارة التحول و الابداع الاداري و التنظيمي و أخيرا إدارة التحول و التدريب
653 _aإدارة الأفراد
653 _aالإدارة
653 _aالقيادة
942 _cكتاب
999 _c43930
_d43930